Stochastické lokačné modely dizertačná práca

Saved in:
Bibliographic Details
Main Author: Hollá, Anna
Corporate Author: Fakulta hospodárskej informatiky EU. Katedra operačného výskumu a ekonometrie
Other Authors: Brezina, Ivan, 1963-
Format: Book
Language:Slovak
Published: Bratislava 2013
Subjects:
Tags: Add Tag
No Tags, Be the first to tag this record!

MARC

LEADER 00000nbm a2200000 4500
001 0176293
005 20240502073015.2
041 0 |a slo 
044 |a SK 
245 1 0 |a Stochastické lokačné modely  |b dizertačná práca  |c Anna Hollá ; školiteľ: Ivan Brezina 
264 1 |a Bratislava  |c 2013 
300 |a 90 s. 
610 2 0 |a modely stochastické 
610 2 0 |a modely ekonometrické 
100 1 |a Hollá, Anna 
700 1 |a Brezina, Ivan, 1963- 
710 2 |a Fakulta hospodárskej informatiky EU. Katedra operačného výskumu a ekonometrie